003300000a220010900045001000017000007000019000177000020000362450070000560410013001266500025001397730056001641 aJuntti, Meri1 aRussel, Duncan1 aTurnpenny, John10aEvidence, politics and power in public policy for the environment0 aInglés14aPolítica ambiental1 tEnvironmental Science and Policyq207-251d2009g12